[Event "Stuttgarter SF II-SV Marbach"]
[Site "?"]
[Date "2002.12.01"]
[Round "3.8"]
[White "Gabriel, Josef"]
[Black "Klemm, Juergen"]
[Result "1-0"]
[WhiteElo "2080"]
[BlackElo "1994"]
[PlyCount "49"]
[EventDate "2002.??.??"]

1. c4 Nf6 2. Nc3 e6 3. e4 Nc6 4. d4 Bb4 5. Bd3 d6 6. Nge2 Bd7 7. O-O O-O 8. Bb1
Bxc3 9. Nxc3 e5 10. dxe5 Nxe5 11. b3 Bc6 12. a3 Re8 13. Re1 Qd7 14. Ra2 b5 15.
f4 Ng6 16. cxb5 Bxb5 17. g4 h5 18. g5 Nh7 19. Qxh5 Rab8 20. Rg2 d5 21. f5 Ngf8
22. Rd1 d4 23. Nd5 c6 24. Nf6+ gxf6 25. gxf6+ 1-0

[Event "SF Pfullingen-SC Lindenberg"]
[Site "?"]
[Date "2002.12.01"]
[Round "3.1"]
[White "Atlas, Valery"]
[Black "Vujic, Branimir"]
[Result "1/2-1/2"]
[WhiteElo "2460"]
[BlackElo "2256"]
[PlyCount "82"]
[EventDate "2002.??.??"]

1. e4 d5 2. exd5 Nf6 3. d4 Nxd5 4. c4 Nb6 5. Nc3 e5 6. Nf3 Bg4 7. dxe5 Qxd1+ 8.
Nxd1 Nc6 9. Be2 O-O-O 10. b3 Bxf3 11. gxf3 Nxe5 12. O-O Bc5 13. Be3 Bd4 14. Rc1
c5 15. Nc3 Nc6 16. f4 Rhe8 17. Bg4+ Kb8 18. Rfe1 g6 19. Re2 Re7 20. Bf3 Bxc3
21. Rxc3 Nd4 22. Bxd4 Rxe2 23. Be5+ Rxe5 24. fxe5 Re8 25. Re3 Nd7 26. Bg4 f5
27. exf6 Rxe3 28. fxe3 Nxf6 29. Bf3 Kc7 30. Kf2 b6 31. Kg3 g5 32. h4 h6 33.
hxg5 hxg5 34. Be2 Kd6 35. Bd3 Ke5 36. Bc2 a6 37. Bg6 Ne4+ 38. Kg4 Nf2+ 39. Kxg5
Nd1 40. Kg4 Nxe3+ 41. Kf3 Kd4 1/2-1/2

[Event "SF Pfullingen-SC Lindenberg"]
[Site "?"]
[Date "2002.12.01"]
[Round "3.2"]
[White "Hertzog, Peter"]
[Black "Schmidlechner, Alexander"]
[Result "0-1"]
[WhiteElo "2154"]
[BlackElo "2230"]
[PlyCount "98"]
[EventDate "2002.??.??"]

1. e4 c5 2. Nf3 Nc6 3. Bb5 g6 4. O-O Bg7 5. Re1 e5 6. c3 Nge7 7. d3 O-O 8. Bg5
h6 9. Be3 d6 10. d4 cxd4 11. cxd4 Bg4 12. d5 Nb8 13. h3 Bc8 14. Nc3 f5 15. Bd3
Nd7 16. Qc2 Nf6 17. Nb5 fxe4 18. Bxe4 Nxe4 19. Qxe4 a6 20. Nc3 Bf5 21. Qh4 g5
22. Qh5 Qd7 23. Nd2 Ng6 24. Nde4 Nf4 25. Bxf4 exf4 26. Rad1 Rae8 27. Qf3 g4 28.
Qd3 gxh3 29. gxh3 Bxh3 30. Kh2 f3 31. Ng3 Bg4 32. Qg6 h5 33. Nxh5 Bxh5 34. Qxh5
Be5+ 35. Kh1 Qh7 36. Rg1+ Kh8 37. Qxh7+ Kxh7 38. Rd3 Rf5 39. Rg4 Rh5+ 40. Kg1
Bxc3 41. Rxf3 Bxb2 42. Rf7+ Kh6 43. Rxb7 Re1+ 44. Kg2 Be5 45. Rb6 Re2 46. Ra4
Rh2+ 47. Kf3 Rhxf2+ 48. Kg4 Rg2+ 49. Kf5 Rg5+ 0-1

[Event "SF Pfullingen-SC Lindenberg"]
[Site "?"]
[Date "2002.12.01"]
[Round "3.3"]
[White "Doskocil, Klaus"]
[Black "Einwiller, Bernd"]
[Result "0-1"]
[WhiteElo "2096"]
[BlackElo "2065"]
[PlyCount "66"]
[EventDate "2002.??.??"]

1. e4 Nf6 2. Nc3 d5 3. e5 Nfd7 4. d4 c5 5. Nf3 e6 6. Bg5 Qb6 7. Rb1 Nc6 8. Be3
cxd4 9. Nxd4 Bc5 10. Na4 Qa5+ 11. c3 Bxd4 12. Bxd4 Ndxe5 13. b4 Qc7 14. Bb5 O-O
15. Bc5 Rd8 16. O-O b6 17. Be3 Bb7 18. f4 Nc4 19. Bxc4 dxc4 20. Qe2 Ne7 21. b5
Be4 22. Bd4 Bxb1 23. Rxb1 Nf5 24. Be5 Qd7 25. Qxc4 Rac8 26. Qb3 f6 27. g4 Nh4
28. Bd4 Kh8 29. Be3 e5 30. f5 Qd3 31. Kf2 Qe4 32. Kg3 Qg2+ 33. Kxh4 Qxh2# 0-1

[Event "SF Pfullingen-SC Lindenberg"]
[Site "?"]
[Date "2002.12.01"]
[Round "3.4"]
[White "Banaszek, Marcin"]
[Black "Gehrmann, Holger"]
[Result "1-0"]
[WhiteElo "2134"]
[BlackElo "2094"]
[PlyCount "65"]
[EventDate "2002.??.??"]

1. c4 Nf6 2. Nc3 g6 3. g3 Bg7 4. Bg2 c5 5. Nf3 Nc6 6. O-O O-O 7. d4 d6 8. d5
Na5 9. Nd2 a6 10. Rb1 Nd7 11. Qc2 Ne5 12. b3 Bf5 13. e4 Bd7 14. h3 g5 15. Ne2
g4 16. hxg4 Bxg4 17. f3 Bd7 18. Bb2 Bh6 19. Qc3 b5 20. f4 b4 21. Qc2 Ng4 22.
Qd3 f6 23. Bf3 Qe8 24. Kg2 Qg6 25. Rh1 Rf7 26. Rh4 Rg7 27. Nf1 f5 28. Bxg7 Bxg7
29. Ne3 Nxe3+ 30. Qxe3 Bf6 31. Rh2 Rf8 32. Rbh1 Rf7 33. Bh5 1-0

[Event "SF Pfullingen-SC Lindenberg"]
[Site "?"]
[Date "2002.12.01"]
[Round "3.5"]
[White "Ahner, Thomas"]
[Black "Prochnow, Mario"]
[Result "0-1"]
[WhiteElo "1956"]
[BlackElo "2171"]
[PlyCount "78"]
[EventDate "2002.??.??"]

1. e4 c5 2. Nf3 e6 3. d3 g6 4. g3 Bg7 5. Bg2 Nc6 6. O-O Nge7 7. c3 d5 8. Nbd2
b6 9. Qa4 O-O 10. Re1 Qc7 11. Nf1 d4 12. c4 a6 13. Bd2 Bd7 14. Qa3 e5 15. b4
cxb4 16. Bxb4 Nxb4 17. Qxb4 Nc6 18. Qb2 Rfb8 19. a4 Bf8 20. Rec1 Nb4 21. Qe2
Rc8 22. N1d2 f6 23. Nb3 Qd8 24. a5 b5 25. c5 Be6 26. Nfd2 Ra7 27. Bf1 Rac7 28.
f4 Bxc5 29. f5 Bf7 30. fxg6 hxg6 31. Bh3 Bf8 32. Bxc8 Rxc8 33. Rxc8 Qxc8 34.
Rc1 Qd8 35. Qf3 Bh6 36. Rf1 Kg7 37. Rc1 Bxb3 38. Nxb3 Bxc1 39. Nxc1 Qxa5 0-1

[Event "SF Pfullingen-SC Lindenberg"]
[Site "?"]
[Date "2002.12.01"]
[Round "3.6"]
[White "Naegele, Thomas"]
[Black "Feistenauer, Harald"]
[Result "1-0"]
[WhiteElo "2165"]
[BlackElo "1956"]
[PlyCount "85"]
[EventDate "2002.??.??"]

1. e4 Nf6 2. e5 Nd5 3. d4 d6 4. exd6 cxd6 5. c4 Nb6 6. Nc3 g6 7. Be3 Bg7 8. h3
O-O 9. Nf3 Nc6 10. Rc1 Re8 11. Be2 Nd7 12. O-O e5 13. Nb5 e4 14. Nd2 Nf6 15. d5
Ne7 16. Nxa7 Bd7 17. Qb3 Qb8 18. Nb5 Bxb5 19. cxb5 Nexd5 20. Bc4 Nxe3 21. Bxf7+
Kh8 22. fxe3 Re7 23. Rc2 Qd8 24. Bd5 Rc8 25. Rfc1 Rxc2 26. Rxc2 Qd7 27. b6 Qf5
28. Bc4 d5 29. Bb5 h5 30. Qa3 Qe5 31. Nb3 Rf7 32. Nd4 h4 33. Rf2 Rf8 34. Qc5
Rd8 35. Qc7 Rd6 36. Qxb7 Bh6 37. Qb8+ Kg7 38. Nc6 Qe6 39. Nd4 Qe7 40. Qc7 Nd7
41. Nc6 Qe6 42. Nd8 Qe5 43. Nf7 1-0

[Event "SF Pfullingen-SC Lindenberg"]
[Site "?"]
[Date "2002.12.01"]
[Round "3.7"]
[White "Mittermeier, Peter"]
[Black "Altenhof, Martin"]
[Result "1-0"]
[WhiteElo "1956"]
[BlackElo "2199"]
[PlyCount "147"]
[EventDate "2002.??.??"]

1. Nf3 d5 2. g3 c6 3. Bg2 Nf6 4. b3 Bf5 5. Bb2 e6 6. O-O Bd6 7. d3 Nbd7 8. c4
Qe7 9. Nbd2 O-O 10. Nh4 Bg4 11. h3 Bh5 12. f4 Ne8 13. Qe1 f5 14. cxd5 exd5 15.
e4 fxe4 16. dxe4 Bb4 17. Qe3 dxe4 18. Nxe4 Nef6 19. Nf5 Qe8 20. Nxf6+ Nxf6 21.
Qxe8 Rfxe8 22. g4 Re2 23. Bxf6 gxf6 24. gxh5 Kf7 25. a3 Bc5+ 26. Kh1 Ke6 27.
Ng3 Rb2 28. f5+ Kf7 29. Ne4 Rg8 30. Bf3 Bd4 31. Rad1 Be5 32. Rd2 Rxb3 33. Rd7+
Ke8 34. Rfd1 Rf8 35. Rd8+ Kf7 36. R1d7+ Kg8 37. Rxf8+ Kxf8 38. Kg2 h6 39. a4 b6
40. Rxa7 c5 41. Rh7 Rb2+ 42. Kf1 c4 43. Rh8+ Ke7 44. Rc8 Rb4 45. Be2 c3 46.
Nxc3 Kd7 47. Ba6 Rf4+ 48. Ke2 Rxf5 49. Rc4 Rxh5 50. Nd5 Kd6 51. Nxb6 Rxh3 52.
Bb5 Bc3 53. Rc6+ Ke5 54. Nc4+ Ke4 55. Nd2+ Kd5 56. Nf3 Ba5 57. Rxf6 Kc5 58.
Rc6+ Kb4 59. Nd4 Rh2+ 60. Kd3 Rh3+ 61. Kc2 Rh2+ 62. Ne2 Bd8 63. Kb2 h5 64. Rc4+
Ka5 65. Rc8 Bf6+ 66. Kb3 Rh3+ 67. Nc3 Bxc3 68. Rxc3 Rh1 69. Rc5 Kb6 70. Rc6+
Kb7 71. Kb4 h4 72. Ka5 Rg1 73. Rh6 Rg4 74. Rh7+ 1-0

[Event "SF Pfullingen-SC Lindenberg"]
[Site "?"]
[Date "2002.12.01"]
[Round "3.8"]
[White "Streck, Alexander"]
[Black "Seigert, Frank"]
[Result "1-0"]
[WhiteElo "2114"]
[BlackElo "1771"]
[PlyCount "95"]
[EventDate "2002.??.??"]

1. d4 d5 2. Nf3 e6 3. c3 Nf6 4. Bg5 Be7 5. Nbd2 O-O 6. e3 Nbd7 7. Bd3 Ng4 8.
Bf4 Bd6 9. Bxh7+ Kh8 10. Bc2 Bxf4 11. exf4 Qf6 12. g3 Nh6 13. Nf1 c5 14. Ne3 b6
15. Ne5 g6 16. h4 Kg7 17. h5 Nxe5 18. dxe5 Qe7 19. hxg6 fxg6 20. Bxg6 Rh8 21.
Bc2 Bb7 22. Ng4 Nf5 23. Rxh8 Rxh8 24. Qf3 d4 25. Be4 Bxe4 26. Qxe4 dxc3 27.
bxc3 c4 28. Rd1 Qa3 29. Qxc4 Rh1+ 30. Ke2 Rxd1 31. Kxd1 Qb2 32. Qb3 Qa1+ 33.
Kd2 Kf7 34. Qa4 Qb2+ 35. Qc2 Qa1 36. Ne3 Qg1 37. Nxf5 Qxf2+ 38. Kc1 Qe1+ 39.
Kb2 exf5 40. Qxf5+ Ke8 41. Qd3 Qf2+ 42. Kb3 Qe1 43. g4 Kf7 44. g5 Qc1 45. g6+
Kg7 46. f5 Qe1 47. f6+ Kh6 48. g7 1-0

[Event "TSF Ditzingen-SC HP Boeblingen"]
[Site "?"]
[Date "2002.12.01"]
[Round "3.1"]
[White "Bauer, Peter"]
[Black "Ortmann, David"]
[Result "1/2-1/2"]
[WhiteElo "2253"]
[BlackElo "2197"]
[PlyCount "68"]
[EventDate "2002.??.??"]

1. e4 e6 2. d4 d5 3. e5 c5 4. c3 Nc6 5. Nf3 Bd7 6. Be2 Nge7 7. Na3 cxd4 8. cxd4
Nf5 9. Nc2 Nb4 10. Nxb4 Bxb4+ 11. Kf1 O-O 12. g4 Ne7 13. a3 Ba5 14. Bg5 Kh8 15.
b4 Bc7 16. Qd2 f6 17. exf6 gxf6 18. Bh4 Ng6 19. Bg3 e5 20. Nh4 Nxh4 21. Bxh4
Qe8 22. Qh6 Qg6 23. Qxg6 hxg6 24. Bg3 Rae8 25. Bf3 Bb6 26. dxe5 fxe5 27. Bxd5
Bxg4 28. h3 Bf3 29. Bxf3 Rxf3 30. Kg2 Ref8 31. Bxe5+ Kh7 32. Rhf1 Rxf2+ 33.
Rxf2 Rxf2+ 34. Kg3 Rd2 1/2-1/2

[Event "TSF Ditzingen-SC HP Boeblingen"]
[Site "?"]
[Date "2002.12.01"]
[Round "3.2"]
[White "Wittmann, Ralf"]
[Black "Tuncer, Ufuk"]
[Result "1/2-1/2"]
[WhiteElo "2132"]
[BlackElo "2204"]
[PlyCount "122"]
[EventDate "2002.??.??"]

1. e4 c5 2. Nc3 Nc6 3. Bb5 Nd4 4. Ba4 a6 5. d3 b5 6. Bb3 d6 7. Nge2 Nxe2 8.
Qxe2 g6 9. e5 Bb7 10. e6 f5 11. Bd5 Qc8 12. Qf3 Bxd5 13. Nxd5 Qxe6+ 14. Kd1 Ra7
15. Re1 Qd7 16. Bg5 Kf7 17. a4 bxa4 18. Kc1 Bg7 19. Ra2 Bf6 20. Bxf6 exf6 21.
Nb6 Qb7 22. Qxb7+ Rxb7 23. Nc4 Rd7 24. Rxa4 Ne7 25. Rxa6 Rhd8 26. Nb6 Rb7 27.
Kd2 f4 28. b3 h5 29. Nc4 Nf5 30. Kc3 Re7 31. Rxe7+ Kxe7 32. Nb6 Ke6 33. Kc4 Nh4
34. d4 cxd4 35. Kxd4 Nxg2 36. Nd5 g5 37. b4 Ne1 38. c4 Nf3+ 39. Ke4 Nxh2 40. c5
f5+ 41. Kd4 Nf3+ 42. Kc4 Ne5+ 43. Kd4 Nf3+ 44. Kc4 Nd2+ 45. Kd4 Nb3+ 46. Kc4
Nd2+ 47. Kd4 Nf3+ 48. Kc4 h4 49. c6 Ne5+ 50. Kd4 Nf3+ 51. Kc4 Nd2+ 52. Kd4 Nb3+
53. Kc4 Nd2+ 54. Kd4 Nf3+ 55. Kc4 h3 56. b5 h2 57. Ra7 Ne5+ 58. Kd4 Nf3+ 59.
Kc4 Nd2+ 60. Kd4 Nf3+ 61. Kc4 Ne5+ 1/2-1/2

[Event "TSF Ditzingen-SC HP Boeblingen"]
[Site "?"]
[Date "2002.12.01"]
[Round "3.3"]
[White "Boehm, Martin"]
[Black "Meier, Thomas"]
[Result "0-1"]
[WhiteElo "2255"]
[BlackElo "2257"]
[PlyCount "80"]
[EventDate "2002.??.??"]

1. c4 e5 2. Nc3 Nf6 3. g3 d5 4. cxd5 Nxd5 5. Bg2 Nb6 6. Nf3 Nc6 7. O-O Be7 8.
a3 g5 9. d3 g4 10. Nd2 h5 11. b4 a6 12. Nb3 h4 13. Bb2 hxg3 14. hxg3 Qd6 15.
Re1 Qh6 16. e3 f5 17. Na5 Nd8 18. Na4 Nxa4 19. Qxa4+ Bd7 20. Qc2 Bd6 21. Rac1
Rc8 22. Qb3 Ke7 23. a4 b6 24. Nc4 Bc6 25. e4 f4 26. Nxe5 Bxe5 27. gxf4 Qh2+ 28.
Kf1 Qxf4 29. Bxe5 Qxe5 30. d4 Qxd4 31. b5 axb5 32. axb5 Rf8 33. Rc2 Bb7 34. Qg3
Ne6 35. Qxg4 Qd3+ 36. Rce2 Qxb5 37. Bh3 Qe5 38. Qh4+ Qf6 39. Qg4 Ba6 40. e5
Qxf2# 0-1

[Event "TSF Ditzingen-SC HP Boeblingen"]
[Site "?"]
[Date "2002.12.01"]
[Round "3.4"]
[White "Beyer, Christian"]
[Black "Heinl, Thomas"]
[Result "1/2-1/2"]
[WhiteElo "2165"]
[BlackElo "2230"]
[PlyCount "112"]
[EventDate "2002.??.??"]

1. Nc3 Nf6 2. e4 d6 3. d4 g6 4. Be3 c6 5. h3 Nbd7 6. a4 a5 7. Nf3 Qc7 8. Bc4 d5
9. exd5 Nb6 10. Bd3 Nbxd5 11. Nxd5 Nxd5 12. Bd2 Nf4 13. Bxf4 Qxf4 14. O-O Bg7
15. Re1 Be6 16. Re4 Qd6 17. Ne5 O-O 18. Qe2 Bf5 19. Nc4 Qd8 20. Rxe7 Bxd3 21.
cxd3 b5 22. axb5 cxb5 23. Na3 b4 24. Nc4 Bxd4 25. Ra4 Ra6 26. Re4 Rf6 27. Ne3
Re6 28. Rxe6 fxe6 29. b3 Qc7 30. Nd1 e5 31. Ra2 Qc1 32. Kh2 Qb1 33. Rxa5 Qxb3
34. Rb5 Qa4 35. Rb7 Rf7 36. Rxf7 Kxf7 37. Qf3+ Ke6 38. Qb7 h5 39. Ne3 Bxe3 40.
fxe3 b3 41. Qc8+ Qd7 42. Qg8+ Qf7 43. Qb8 Kf6 44. e4 h4 45. Kg1 Qe6 46. Kf2 Kg5
47. Ke3 Kh6 48. Qh8+ Kg5 49. Qd8+ Kh5 50. Kd2 b2 51. Kc2 b1=Q+ 52. Kxb1 Qb3+
53. Kc1 Qc3+ 54. Kd1 Qb3+ 55. Kc1 Qc3+ 56. Kd1 Qb3+ 1/2-1/2

[Event "TSF Ditzingen-SC HP Boeblingen"]
[Site "?"]
[Date "2002.12.01"]
[Round "3.5"]
[White "Frolik, Erhard"]
[Black "Stanescu, Christian"]
[Result "1-0"]
[WhiteElo "2179"]
[BlackElo "2063"]
[PlyCount "53"]
[EventDate "2002.??.??"]

1. e4 c5 2. Nf3 d6 3. d4 cxd4 4. Nxd4 Nf6 5. Nc3 a6 6. Be3 e5 7. Nb3 Be6 8. Qd2
Nbd7 9. f3 Be7 10. g4 Nb6 11. O-O-O Qc7 12. g5 Nfd7 13. h4 Rc8 14. Rh2 Nc4 15.
Bxc4 Bxc4 16. Nd5 Bxd5 17. exd5 Nb6 18. Na5 Nc4 19. Nxc4 Qxc4 20. Kb1 b5 21. f4
O-O 22. f5 Kh8 23. h5 Qe4 24. Qf2 g6 25. f6 Bd8 26. Rdh1 gxh5 27. Rxh5 1-0

[Event "TSF Ditzingen-SC HP Boeblingen"]
[Site "?"]
[Date "2002.12.01"]
[Round "3.6"]
[White "Reinhold, Dirk"]
[Black "Born, Mario"]
[Result "0-1"]
[WhiteElo "1960"]
[BlackElo "2164"]
[PlyCount "46"]
[EventDate "2002.??.??"]

1. e4 c6 2. d4 d5 3. Nc3 dxe4 4. Nxe4 Nf6 5. Ng3 h5 6. h4 Bg4 7. Be2 Qc7 8. Nf3
Nbd7 9. Be3 e6 10. Qd2 Bd6 11. O-O-O Nd5 12. Ne4 N7f6 13. Nxd6+ Qxd6 14. Ng5
Nxe3 15. fxe3 Qd5 16. Kb1 Qxg2 17. Bxg4 Qxd2 18. Rxd2 Nxg4 19. Rf1 O-O 20. Rd3
Rad8 21. Ra3 Rd7 22. c4 e5 23. Rxa7 Nxe3 0-1

[Event "TSF Ditzingen-SC HP Boeblingen"]
[Site "?"]
[Date "2002.12.01"]
[Round "3.7"]
[White "Remmler, Hans Peter"]
[Black "Baumstark, Thomas"]
[Result "1-0"]
[WhiteElo "2158"]
[BlackElo "2080"]
[PlyCount "77"]
[EventDate "2002.??.??"]

1. d4 Nf6 2. c4 g6 3. Nc3 Bg7 4. e4 d6 5. f3 O-O 6. Bg5 a6 7. Qd2 c6 8. Nge2 b5
9. Ng3 Nbd7 10. Be2 Rb8 11. O-O Qb6 12. cxb5 axb5 13. b4 e5 14. Rad1 exd4 15.
Qxd4 Qxd4+ 16. Rxd4 Nxe4 17. Rxe4 Bxc3 18. Be7 d5 19. Bxf8 dxe4 20. Bd6 Ra8 21.
Rc1 Bd4+ 22. Kf1 Rxa2 23. Bxb5 exf3 24. gxf3 cxb5 25. Rxc8+ Kg7 26. Ne4 f5 27.
Ng5 Kf6 28. Nxh7+ Ke6 29. Bg3 Kd5 30. Rd8 Kc6 31. Rg8 Kd5 32. Rxg6 Kc4 33. Ng5
Nb6 34. Ne6 Be3 35. Be1 Nd5 36. Nc7 Nf4 37. Rc6+ Kd3 38. Nxb5 Rxh2 39. Rc3# 1-0

[Event "TSF Ditzingen-SC HP Boeblingen"]
[Site "?"]
[Date "2002.12.01"]
[Round "3.8"]
[White "Pfeifer, Wilfried"]
[Black "Glueck, Gunther"]
[Result "1/2-1/2"]
[WhiteElo "1915"]
[BlackElo "2150"]
[PlyCount "74"]
[EventDate "2002.??.??"]

1. f4 d5 2. b3 Nf6 3. Nf3 e6 4. Bb2 c5 5. e3 Nc6 6. Bb5 Bd7 7. O-O Bd6 8. Qe2
Qe7 9. Ne5 O-O 10. Bxc6 Bxc6 11. d3 Nd7 12. Nd2 f6 13. Nxc6 bxc6 14. e4 Rae8
15. Rf3 f5 16. e5 Bc7 17. c4 Ba5 18. Nf1 Rf7 19. Qf2 g6 20. h4 Rb8 21. Nh2 h5
22. Rc1 d4 23. Rg3 Rg7 24. Nf3 Nf8 25. Rc2 Qd8 26. Bc1 Bb4 27. Bd2 Qa5 28. Bxb4
Qxb4 29. Qd2 a5 30. Qxb4 Rxb4 31. Nd2 Rgb7 32. Rf3 Nd7 33. Rf1 Kf7 34. Kf2 Rb8
35. Ke2 R4b7 36. a3 Nb6 37. Ra1 Nd7 1/2-1/2

[Event "SV Wolfbusch-SC HP Boeblingen"]
[Site "?"]
[Date "2002.12.16"]
[Round "4.1"]
[White "Bauer, Peter"]
[Black "Leyrer, Achim"]
[Result "1-0"]
[WhiteElo "2253"]
[BlackElo "2206"]
[PlyCount "63"]
[EventDate "2002.??.??"]

1. e4 c5 2. Nf3 d6 3. d4 cxd4 4. Nxd4 Nf6 5. Nc3 g6 6. Be3 Nc6 7. f3 Bg7 8. Qd2
O-O 9. Bc4 Bd7 10. h4 Rc8 11. Bb3 h5 12. O-O-O Ne5 13. Bg5 Rc5 14. Kb1 b5 15.
g4 hxg4 16. f4 Nc4 17. Qd3 Qa5 18. Bxf6 Bxf6 19. Nd5 Rxd5 20. exd5 Rc8 21. h5
g5 22. fxg5 Bxg5 23. c3 Bf6 24. Bc2 b4 25. Qh7+ Kf8 26. Ne6+ Bxe6 27. dxe6 fxe6
28. Bg6 Ne5 29. Rhf1 Nxg6 30. hxg6 Ke8 31. Rxf6 bxc3 32. Qg8+ 1-0

[Event "SV Wolfbusch-SC HP Boeblingen"]
[Site "?"]
[Date "2002.12.16"]
[Round "4.2"]
[White "Ott, Frank"]
[Black "Boehm, Martin"]
[Result "1-0"]
[WhiteElo "2285"]
[BlackElo "2255"]
[PlyCount "73"]
[EventDate "2002.??.??"]

1. Nf3 d5 2. g3 Nf6 3. Bg2 c6 4. O-O Bg4 5. d3 Nbd7 6. c4 e6 7. Bf4 Be7 8. Nc3
O-O 9. a3 Re8 10. b4 d4 11. Na4 Bxf3 12. Bxf3 e5 13. Bd2 e4 14. dxe4 Ne5 15.
Bf4 Bf8 16. Nc5 Bxc5 17. bxc5 Qa5 18. Qxd4 Rad8 19. Qb2 Nxf3+ 20. exf3 Qxc5 21.
Qxb7 Qh5 22. e5 g5 23. exf6 gxf4 24. Qxc6 Re6 25. Rad1 Rf8 26. Rd6 Rxd6 27.
Qxd6 Qxf3 28. Rb1 Qe4 29. Qxf8+ Kxf8 30. Rb8+ Qe8 31. Rxe8+ Kxe8 32. Kg2 Kd7
33. Kf3 fxg3 34. fxg3 Ke6 35. Ke4 Kxf6 36. Kd5 h5 37. Kd6 1-0

[Event "SV Wolfbusch-SC HP Boeblingen"]
[Site "?"]
[Date "2002.12.16"]
[Round "4.3"]
[White "Heinl, Thomas"]
[Black "Dietrich, Frank"]
[Result "1-0"]
[WhiteElo "2230"]
[BlackElo "2180"]
[PlyCount "79"]
[EventDate "2002.??.??"]

1. e4 d5 2. exd5 Nf6 3. Bb5+ Bd7 4. Be2 Bf5 5. Nf3 Nxd5 6. d4 e6 7. O-O Nd7 8.
c4 N5b6 9. Nc3 Be7 10. c5 Nd5 11. Nxd5 exd5 12. Qb3 b6 13. cxb6 axb6 14. Qxd5
Be6 15. Qc6 O-O 16. Bf4 Nf6 17. a3 Nd5 18. Bg3 Bg5 19. Nxg5 Qxg5 20. Bf3 Ra7
21. Rfe1 Ne7 22. Qc1 Qg6 23. Be4 Qh5 24. Be5 Rd8 25. Qf4 c6 26. Bc7 Nd5 27.
Bxd5 Rxd5 28. Bxb6 Rb7 29. Bc5 Rxb2 30. Rxe6 h6 31. Re5 Qg6 32. Re8+ Kh7 33.
Qe4 Rf5 34. Rf1 Qg5 35. Re5 g6 36. Rxf5 gxf5 37. Qe5 Rc2 38. h4 Qg4 39. Qf6 Qh5
40. Bf8 1-0

[Event "SV Wolfbusch-SC HP Boeblingen"]
[Site "?"]
[Date "2002.12.16"]
[Round "4.4"]
[White "Haecker, Johannes"]
[Black "Frolik, Erhard"]
[Result "0-1"]
[WhiteElo "2166"]
[BlackElo "2179"]
[PlyCount "94"]
[EventDate "2002.??.??"]

1. d4 d5 2. Nf3 Nf6 3. Bf4 c5 4. c3 Nc6 5. e3 Qb6 6. Qb3 c4 7. Qxb6 axb6 8.
Nbd2 Bf5 9. Be2 h6 10. Ne5 e6 11. g4 Bh7 12. Bg3 b5 13. O-O b4 14. a4 Nxe5 15.
Bxe5 Nd7 16. Bc7 b3 17. e4 Nf6 18. exd5 exd5 19. Rfe1 Kd7 20. Be5 Be7 21. Bf3
Ra5 22. h4 Ne8 23. Nf1 f6 24. Bg3 Bd6 25. Ne3 Bxg3 26. fxg3 Nc7 27. Nf5 Bxf5
28. gxf5 Re8 29. Kf2 Rxe1 30. Rxe1 Rxa4 31. Ke3 Ra2 32. Rb1 b5 33. Kf4 b4 34.
cxb4 Kc6 35. Ke3 Kb5 36. Be2 Kxb4 37. Bd1 Nb5 38. g4 Ra7 39. Bf3 Re7+ 40. Kd2
Nxd4 41. Bxd5 Rd7 42. Bg8 Nxf5+ 43. Ke2 Nxh4 44. Rc1 Rd4 45. Rg1 Ng6 46. Rg3
Nf4+ 47. Ke3 Rd3+ 0-1

[Event "SV Wolfbusch-SC HP Boeblingen"]
[Site "?"]
[Date "2002.12.16"]
[Round "4.5"]
[White "Born, Mario"]
[Black "Hering, Frank"]
[Result "1-0"]
[WhiteElo "2164"]
[BlackElo "2120"]
[PlyCount "91"]
[EventDate "2002.??.??"]

1. d4 d5 2. Nf3 Nf6 3. g3 e6 4. Bg2 Bd6 5. O-O Nbd7 6. c4 c6 7. Qb3 O-O 8. Nc3
Qe7 9. Nd2 c5 10. e3 Nb6 11. a4 Nxc4 12. Nxc4 dxc4 13. Qxc4 e5 14. d5 Bd7 15.
Nb5 Bxb5 16. Qxb5 e4 17. Qc4 Qe5 18. Bd2 Qxd5 19. Qxd5 Nxd5 20. Bxe4 Nf6 21.
Bxb7 Rab8 22. Bf3 Rxb2 23. Rfd1 Be5 24. Rac1 Rc8 25. Bg2 Rbb8 26. Rc4 Bd6 27.
Ba5 Bf8 28. h4 Re8 29. g4 h5 30. gxh5 Nxh5 31. Bf3 Nf6 32. h5 Re5 33. Bc7 Rg5+
34. Kf1 Rc8 35. Bf4 Rf5 36. Rb1 Re8 37. Rd1 Kh8 38. a5 Ng8 39. Rd7 a6 40. Ra7
Rf6 41. Bd5 Ne7 42. Bb7 Rd8 43. h6 Nd5 44. Bxd5 Rxd5 45. Ra8 Kg8 46. h7+ 1-0

[Event "SV Wolfbusch-SC HP Boeblingen"]
[Site "?"]
[Date "2002.12.16"]
[Round "4.6"]
[White "Flachsbart, Alexander"]
[Black "Remmler, Hans Peter"]
[Result "0-1"]
[WhiteElo "2055"]
[BlackElo "2158"]
[PlyCount "76"]
[EventDate "2002.??.??"]

1. e4 e5 2. f4 exf4 3. Nf3 g5 4. d4 Bg7 5. Bc4 d6 6. h4 h6 7. Kf2 g4 8. Ng1 Nc6
9. c3 Nf6 10. Qd3 Be6 11. Bb5 a6 12. Ba4 b5 13. Bc2 Qe7 14. Bxf4 Nh5 15. Ne2
Bc4 16. Qe3 f5 17. Ng3 Nxf4 18. Qxf4 Nxd4 19. Na3 Ne6 20. Qd2 f4 21. Nf5 g3+
22. Kg1 Qf6 23. Nxc4 bxc4 24. Qd5 O-O 25. Nd4 Rae8 26. Qxc4 Kh8 27. Nf3 Nc5 28.
Rd1 Qe6 29. Qxe6 Rxe6 30. Nd2 Rfe8 31. h5 Bf6 32. Rf1 Bg5 33. b4 Nd7 34. Nf3
Nf6 35. Nd2 f3 36. Nxf3 Be3+ 37. Rf2 Bxf2+ 38. Kf1 Nxe4 0-1

[Event "SV Wolfbusch-SC HP Boeblingen"]
[Site "?"]
[Date "2002.12.16"]
[Round "4.7"]
[White "Glueck, Gunther"]
[Black "Huettig, Michael"]
[Result "1/2-1/2"]
[WhiteElo "2150"]
[BlackElo "2061"]
[PlyCount "102"]
[EventDate "2002.??.??"]

1. e4 e5 2. Nf3 Nc6 3. Bb5 a6 4. Ba4 Nf6 5. O-O Be7 6. Re1 b5 7. Bb3 O-O 8. c3
d5 9. exd5 Nxd5 10. Nxe5 Nxe5 11. Rxe5 Nf6 12. d4 Bd6 13. Re1 Ng4 14. g3 Nxh2
15. Qh5 Ng4 16. Bg5 Qd7 17. Bd1 h6 18. Be3 Qf5 19. Qxf5 Bxf5 20. Nd2 Nxe3 21.
Rxe3 Rae8 22. Nf1 Rxe3 23. Nxe3 Bd7 24. Bf3 f5 25. Bd5+ Kh7 26. f4 Re8 27. Kf2
g5 28. Ng2 Kg6 29. Re1 Rxe1 30. Kxe1 Kf6 31. a3 Be6 32. Bc6 Bc4 33. Kf2 Ke6 34.
fxg5 hxg5 35. Ne3 Bd3 36. a4 f4 37. gxf4 Bxf4 38. axb5 axb5 39. Bf3 Kd6 40. Bg4
Be4 41. Be2 Kc6 42. Bh5 Kb6 43. Bf7 Ka5 44. Be6 c6 45. Ke2 Ka4 46. c4 bxc4 47.
Bxc4 Kb4 48. Be6 Bxe3 49. Kxe3 Bd5 50. Bd7 Kb3 51. Kf2 Kc4 1/2-1/2

[Event "SV Wolfbusch-SC HP Boeblingen"]
[Site "?"]
[Date "2002.12.16"]
[Round "4.8"]
[White "Erben, Wolfgang"]
[Black "Werner, Bernd Michael"]
[Result "0-1"]
[WhiteElo "2054"]
[BlackElo "2110"]
[PlyCount "90"]
[EventDate "2002.??.??"]

1. e4 Nf6 2. e5 Nd5 3. d4 d6 4. c4 Nb6 5. exd6 cxd6 6. Nc3 g6 7. Be3 Bg7 8. Rc1
O-O 9. b3 e6 10. Bd3 f5 11. Nge2 e5 12. dxe5 dxe5 13. c5 N6d7 14. f3 Nc6 15.
O-O Kh8 16. Bb5 Nf6 17. Bxc6 bxc6 18. Qd6 Qxd6 19. cxd6 Rd8 20. Rfd1 Ba6 21.
Kf2 Rd7 22. Na4 f4 23. Nxf4 exf4 24. Bxf4 Nd5 25. Nc5 Nxf4 26. Nxa6 Ne6 27. Nc5
Nxc5 28. Rxc5 Rad8 29. Rxc6 Be5 30. h3 Bxd6 31. Ke2 Bf4 32. Rxd7 Rxd7 33. Rc4
g5 34. Ra4 h5 35. h4 Re7+ 36. Kd1 Rd7+ 37. Kc2 Rd2+ 38. Kc3 Rxg2 39. hxg5 Bxg5
40. Rxa7 h4 41. f4 h3 42. fxg5 h2 43. Ra6 Rg3+ 44. Kd4 Rh3 45. Ra8+ Kg7 0-1

[Event "SC Lindenberg-TSF Ditzingen"]
[Site "?"]
[Date "2002.12.16"]
[Round "4.1"]
[White "Ortmann, David"]
[Black "Atlas, Valery"]
[Result "0-1"]
[WhiteElo "2197"]
[BlackElo "2460"]
[PlyCount "112"]
[EventDate "2002.??.??"]

1. Nf3 c5 2. c4 Nf6 3. Nc3 b6 4. e4 d6 5. d4 cxd4 6. Nxd4 Bb7 7. Qe2 e6 8. g3
Be7 9. Bg2 O-O 10. O-O Nfd7 11. Rd1 a6 12. e5 Bxg2 13. exd6 Bxd6 14. Kxg2 Qe7
15. Ne4 Be5 16. Ng5 Ra7 17. Qe4 g6 18. Ngf3 Bf6 19. Nc6 Nxc6 20. Qxc6 Qc5 21.
Qxc5 Nxc5 22. Rb1 Rc8 23. Be3 Rb7 24. Rd6 Na4 25. b3 Be7 26. Rd3 Nc5 27. Rd2
Ne4 28. Rd3 b5 29. cxb5 axb5 30. Rb2 b4 31. Ne1 Bf6 32. Rc2 Rxc2 33. Nxc2 Nc3
34. Nxb4 Rxb4 35. Bd2 Rd4 36. Bxc3 Rxd3 37. Bxf6 Kf8 38. Be5 Ke7 39. Kf1 Rd2
40. a4 f6 41. Bc3 Rd3 42. Be1 Rxb3 43. Kg2 Kd6 44. g4 Kd5 45. f3 e5 46. a5 Ra3
47. h4 Kc4 48. h5 gxh5 49. gxh5 f5 50. Kf2 Kd3 51. Bb4 Ra4 52. Be1 Rh4 53. Kg3
Rxh5 54. a6 Rg5+ 55. Kh4 Rg6 56. a7 Ra6 0-1